| 000 | 00641nam a2200205 a 4500 | ||
|---|---|---|---|
| 005 | 20210223131151.0 | ||
| 008 | 010524s2006 r 000 0 eng d | ||
| 020 | _a8420660078 | ||
| 035 | _aUPN01000173494 | ||
| 049 | _aC | ||
| 050 | 4 |
_aD9 _bC6.28 2006 |
|
| 100 | 1 | _aCook, Chris | |
| 245 | 1 | 0 |
_aDiccionario de términos históricos / _cChris Cook ; tr. y adaptación de Fernando Santos Fontenla. |
| 250 | _a2a ed. | ||
| 260 |
_aMadrid : _bAlianza, _c2006. |
||
| 300 | _a611 p. | ||
| 440 | 3 |
_aEl libro de bolsillo ; _v8132. _pBiblioteca temática. _pBiblioteca de consulta |
|
| 650 | 4 |
_aHISTORIA - _vDICCIONARIOS _913706 |
|
| 905 | _aLibro | ||
| 999 |
_c145598 _d145598 |
||